Postavení žen v akademických funkcích na českých vysokých školách

Analýza výsledkov výskumu názorov a postojov žien v akademických funkciách na českých vysokých školách.

Na minha lista:
Detalhes bibliográficos
Autor principal: Baštová, Jarmila
Outros Autores: Kraťková, Drahomíra, Menclová, Lenka, Šturzová, Jana
Formato: Capítulo de Livro
Idioma:tcheco
Assuntos:
Tags: Adicionar Tag
Sem tags, seja o primeiro a adicionar uma tag!

MARC

LEADER 00000naa$a2200000$$$4500
001 0024406
005 20230919104139.2
041 0 |a cze 
044 |a CZ 
245 1 0 |a Postavení žen v akademických funkcích na českých vysokých školách  |c Jarmila Baštová, Drahomíra Kraťková, Lenka Menclová 
520 |a Analýza výsledkov výskumu názorov a postojov žien v akademických funkciách na českých vysokých školách. 
610 2 0 |a postavenie žien 
610 2 0 |a školy vysoké 
610 2 0 |a Česko 
610 2 0 |a výskum 
610 2 0 |a postoje 
610 2 0 |a ženy 
100 1 |a Baštová, Jarmila 
700 1 |a Kraťková, Drahomíra 
700 1 |a Menclová, Lenka 
700 1 |a Šturzová, Jana